50 cases of good practise guide for training in SMEs
Uložené v:
| Korporativný autor: | |
|---|---|
| Médium: | Kniha |
| Jazyk: | English |
| Vydavateľské údaje: |
Luxembourg
Publications Office of the European Union
2009
|
| Predmet: | |
| Tagy: |
Žiadne tagy, Buďte prvý, kto otaguje tento záznam!
|
MARC
| LEADER | 00000nam a2200000 4500 | ||
|---|---|---|---|
| 001 | 0147249 | ||
| 005 | 20240313132710.4 | ||
| 020 | |a 978-92-79-12786-1 | ||
| 041 | 0 | |a eng | |
| 044 | |a LU | ||
| 245 | 1 | 0 | |a 50 cases of good practise |b guide for training in SMEs |
| 264 | 1 | |a Luxembourg |b Publications Office of the European Union |c 2009 | |
| 300 | |a 105 s. | ||
| 610 | 2 | 0 | |a podnik malý |
| 610 | 2 | 0 | |a podnik stredný |
| 610 | 2 | 0 | |a zamestnanci |
| 610 | 2 | 0 | |a školenie odborné |
| 610 | 2 | 0 | |a prax odborná |
| 610 | 2 | 0 | |a vzdelávanie ďalšie |
| 610 | 2 | 0 | |a vzdelávanie celoživotné |
| 610 | 2 | 0 | |a porovnanie medzinárodné |
| 610 | 2 | 0 | |a Európska únia |
| 710 | 2 | |a European Commission | |